000 01099cam a22002898i 4500
003 OSt
005 20230705110720.0
008 200622s2021 enk b 001 0 eng
020 _a9780367617066
_q(paperback)
020 _a9780367617073
_q(hardback)
020 _z9781003106142
_q(ebook)
040 _cNIRUC
_dNIRUC
042 _apcc
050 0 0 _aHV6431
_b.M38 2021
100 1 _aMatusitz, Jonathan Andre,
_eauthor.
245 1 0 _aCommunication in global jihad /
_cJonathan Matusitz.
264 1 _aAbingdon, Oxon ;
_aNew York, NY :
_bRoutledge,
_c2021.
300 _axi,241 p.:
_c24 cm.
504 _aIncludes bibliographical references and index.
650 0 _aTerrorism and globalization.
650 0 _aTerrorism
_xReligious aspects
_xIslam.
650 0 _aTerrorism
_xHistory
_y21st century.
650 0 _aJihad
_xHistory
_y21st century.
650 0 _aCommunication
_xTechnological innovations.
776 0 8 _iOnline version:
_aMatusitz, Jonathan Andre, 1976-
_tCommunication in global jihad
_dAbingdon, Oxon ; New York, NY : Routledge, 2021.
_z9781003106142
_w(DLC) 2020026059
942 _2lcc
_cBK
_n0
999 _c471
_d471